Statistics for Types of Mammals

Click here to take the quiz!

General Stats

  • This quiz has been taken 32 times
  • The average score is 14 of 15

Answer Stats

Answer% Correct
Bear
100%
Bison
100%
Cat
100%
Cow
100%
Dog
100%
Elephant
100%
Fox
100%
Giraffe
100%
Horse
100%
Leopard
100%
Rabbit
100%
Sloth
100%
Antelope
86%
Baboon
82%
Koala
79%

Score Distribution

Percentile by Number Answered

Percent of People with Each Score

Your Score History

You have not taken this quiz